| 000 | 01270nam a2200289 a 4500 | ||
|---|---|---|---|
| 001 | 63641 | ||
| 003 | BD-RjUL | ||
| 005 | 20211209081222.0 | ||
| 008 | 170131s2007 ii ||||| |||| 00| 0 ben d | ||
| 020 |
_a8172939525 (v-1) _c: Irs 300.00 |
||
| 020 |
_a9789350200803 (v-7) _c: Irs 400.00 |
||
| 020 |
_a9788172939656 (v-3) _c: Irs 325.00 |
||
| 020 |
_a9789350200011(v-4) _c: IRs 325.00 |
||
| 020 |
_a9789350200339(V-5) _c: IRs 400.00 |
||
| 035 | _a(BD-RjUL)63770 | ||
| 040 |
_aBD-RjUL _bben _cBD-RjUL |
||
| 041 | _aben | ||
| 082 |
_223 _a891.4408 _bMIB 2007 |
||
| 100 |
_aমিত্র, বিমল _9171585 |
||
| 245 | 1 | 0 |
_aবিমল মিত্র রচনাবলী / _cবিমল মিত্র |
| 260 |
_aকলিকাতা : _bমিত্র ও ঘোষ পাবলিশার্স, _c২০০৭ [১৪১৪] |
||
| 300 |
_a খণ্ড. ; _c২১ সেমি. |
||
| 505 | 0 | _aখণ্ড ১ -- খণ্ড ২ -- -- খণ্ড ৩ -- খণ্ড ৪ -- খণ্ড ৫ -- খণ্ড ৬ -- খণ্ড ৭ -- | |
| 650 |
_aবাংলা সাহিত্য _xইতিহাস ও সমালোচনা _9179529 |
||
| 650 |
_aBengali Literature _xHistory & Criticism _9179530 |
||
| 942 |
_2ddc _cBK |
||
| 999 |
_c63641 _d63641 |
||